Think big become big / (Record no. 92705)

MARC details
000 -LEADER
fixed length control field 00519nam a22001817a 4500
005 - DATE AND TIME OF LATEST TRANSACTION
control field 20150410120317.0
010 ## - LCCN (DPL NO)
LC control number ENG-112466
020 ## - INTERNATIONAL STANDARD BOOK NUMBER
International Standard Book Number 9789381380086
Terms of availability 500.00
035 ## - SYSTEM CONTROL NUMBER
System control number EN-95998
037 ## - SOURCE OF ACQUISITION
Source of stock number/acquisition DBAD/PUB
082 ## - DEWEY DECIMAL CLASSIFICATION NUMBER
Classification number 158
100 ## - MAIN ENTRY--PERSONAL NAME
Personal name Tarun Engineer
245 ## - TITLE STATEMENT
Title Think big become big /
Statement of responsibility, etc by Tarun Engineer
260 ## - PUBLICATION, DISTRIBUTION, ETC. (IMPRINT)
Place of publication, distribution, etc New Delhi
Name of publisher, distributor, etc Fusion Books
Date of publication, distribution, etc 2011
270 ## - ADDRESS
Address X-30, Okhla Industrial Area, Phase-II,
City New Delhi.
Postal code 110020
300 ## - PHYSICAL DESCRIPTION
Extent 272p.
Dimensions 22cm(Hb)
942 ## - ADDED ENTRY ELEMENTS (KOHA)
Source of classification or shelving scheme Dewey Decimal Classification
Item type English Books
Call number suffix TAR
Classification part 158
Holdings
Withdrawn status Lost status Not for loan Collection code Home library Current library Date acquired Source of acquisition Cost, normal purchase price Full call number Barcode Copy number Cost, replacement price Koha item type
    Not For Loan Non-fiction D.B.Act.Division D.B.Act.Division 06/04/2015 DBAD/PUB 500.00 158 TAR EN-95998 1 500.00 English Books

© Delhi Public Library
Hit Counter
free hit counter